00477nam a22001697a 4500008004100000020001800041040005500059080002100114100001900135245002800154260006400182300001000246650001200256653000900268942001300277999001700290230531b |||||||| |||| 00| 0 eng d a0-444-41461-4 aNational Science LibrarycNational Science Library aR 539.18(02)bL6 aFraga, Serafin aHandbook of atomic data aAmsterdam: bElsevier Scientific Publishing Company, c1979 a551p. aAtomic  aData 2udccREF c46546d46546